MARC

LEADER 00000nam0a2200000 4500
001 374710
005 20231101051302.0
010 |a 5110023700 
020 |a RU  |b 90-646 
035 |a (RuTPU)RU\TPU\retro\32144 
035 |a RU\TPU\book\226273 
090 |a 374710 
100 |a 20221219d1989 m a0rusy5003 ca 
101 0 |a rus 
102 |a UA 
105 |a a j 001zy 
200 1 |a Арифметика, принципы организации, диагностика и формализованное проектирование вычислительных структур и устройств  |e учебное пособие для вузов  |f В. П. Тарасенко [и др.] 
210 |a Киев  |c Выща школа  |d 1989 
215 |a 342,[1] с.  |c ил.  |d 22 см 
225 1 |a Новое в науке и технике - студентам и учащимся  |v Вып. 5 
320 |a Библиогр. в конце разделов. 
606 |a Вычислительные системы  |x Проектирование  |2 stltpush  |3 (RuTPU)RU\TPU\subj\4301 
610 1 |a вычислительные структуры 
610 1 |a проектирование 
610 1 |a учебные пособия 
610 1 |a диагностика 
675 |a 681.3.001.63(075.8)  |z rus  |v 3 
675 |a 004.415.2(075.8)  |z rus  |v 4 
701 1 |a Тарасенко  |b В. П.  |g Владимир Петрович 
701 1 |a Черкасский  |b Н. В.  |g Николай Вячеславович 
701 1 |a Каневский  |b Ю. С.  |g Юрий Степанович 
701 1 |a Кривуля  |b Г. Ф.  |g Геннадий Федорович 
701 1 |a Алипов  |b Н. В.  |g Николай Васильевич 
701 1 |a Завадский  |b В. А.  |g Владимир Александрович 
801 0 |a RU  |b RuMRKP  |c 19950417  |g psbo 
801 1 |a RU  |b 63413507  |c 20120124 
801 2 |a RU  |b 63413507  |c 20221219  |g RCR 
942 |c BK